Riadenie reputácie B2B podniku v online prostredí bakalárska práca

Na minha lista:
Detalhes bibliográficos
Autor principal: Straská, Patrícia
Autor Corporativo: Fakulta podnikového manažmentu EU. Katedra podnikovohospodárska
Outros Autores: Hojdik, Vladimír, 1992-
Formato: Livro
Idioma:eslovaco
Publicado em: Bratislava 2021
Tags: Adicionar Tag
Sem tags, seja o primeiro a adicionar uma tag!

MARC

LEADER 00000nbm a2200000 4500
001 0275721
005 20211118105841.3
041 0 |a slo 
044 |a SK 
245 1 0 |a Riadenie reputácie B2B podniku v online prostredí  |b bakalárska práca  |c Patrícia Straská ; školiteľ: Vladimír Hojdik 
264 1 |a Bratislava  |c 2021 
300 |a 47 s. 
100 1 |a Straská, Patrícia 
700 1 |a Hojdik, Vladimír, 1992- 
710 2 |a Fakulta podnikového manažmentu EU. Katedra podnikovohospodárska